Normal view
MARC view
Entry Término temático
001 - NÚMERO DE CONTROL
- campo de control: 81684
003 - IDENTIFICADOR DEL NÚMERO DE CONTROL
- campo de control: DO-SdBNP
005 - FECHA Y HORA DE LA ÚLTIMA TRANSACCIÓN
- campo de control: 20220525131631.0
008 - DATOS DE LONGITUD FIJA
- campo de control de longitud fija: 220525|| aca||aabn | a|a d
040 ## - FUENTE DE LA CATALOGACIÓN
- Centro catalogador/agencia de origen: DO-SdBNP
- Centro/agencia transcriptor: DO-SdBNP
150 ## - ENCABEZAMIENTO--TÉRMINO DE MATERIA
- Término de materia o nombre geográfico como elemento de entrada: Exposicion
- Subdivisión de forma: Pintura
- Subdivisión general: República Dominicana
670 ## - FUENTE DE DATOS ENCONTRADOS
- Cita de la fuente: Work cat.: (DO-SdBNP)51819: Pineda, Miguel 1962 81682, Memorias al margen. /, 2010
